Platiť musia, či ich využívajú alebo nie

Bibliographic Details
Main Author: Žoldošová, Darina (Author)
Format: Article
Language:Slovak
PhysicalDescription:Fotogr.
Subjects:

MARC

LEADER 00000nab a2200000 a 4500
001 vtls000701720
003 SK-MaSNL
005 20260302195407.0
008 180205c1999 xo 0 slo
015 |a SNBRB1999/09-21946 
035 |a CLN000053887 
040 |a SNKBUCL  |b slo  |c SNKBUCL  |e AACR2 
041 0 |a slo 
044 |a xo  |c SK 
080 |a 362.147:613.81  |2 UDC-MRF-SK2 
080 |a 615.862  |2 UDC-MRF-SK2 
080 |a 613.81  |2 UDC-MRF-SK2 
100 1 |a Žoldošová, Darina  |4 aut  |9 841282 
245 1 0 |a Platiť musia, či ich využívajú alebo nie  |c Darina Žoldošová 
300 |b Fotogr. 
650 0 7 |a alkoholizmus  |2 snkbucl  |9 14184 
650 0 7 |a stanice záchytné protialkoholické  |2 snkbucl  |9 916831 
655 7 |a články z novín a časopisov  |2 snkbucl  |9 267496 
773 0 |t Obecné noviny  |g Roč. 9, č. 36 (1999), s. 8 
850 |a Slovenská národná knižnica v Martine 
852 |a SNK  |b KIS3GCP 
958 |a RBX 
999 |c 1452467  |d 1454397